000 00336 a2200109 4500
001 ART_53628
005 20260410161946.0
008 260409a
245 1 0 _aEl descanso dominical y los problemas del poder político
100 1 _aDuarte, David
773 0 _tTemas de derecho laboral
_g- N° 10 (oct. 2021)
_wREV27619
999 _c29968
_d29968